| 000 | 01028nam a22002537a 4500 | ||
|---|---|---|---|
| 005 | 20170123162306.0 | ||
| 010 | _aB-133773 | ||
| 020 | _c230.00 | ||
| 035 | _aB-133773 | ||
| 037 | _bCen Lib/Ret | ||
| 040 |
_aDPL _bUR |
||
| 082 |
_a954.0841 _bا ش ف |
||
| 245 |
_aاشفاق اللہ خان شہید حیات و افکار : _cترتیب ابو سلمان شاہجہانپوری _bکاکوری کیس کا ہیرو |
||
| 246 |
_aAshfaq ullah Khan hayat-o-afkari : kakori case ka hero / _bcompiled by Abu Salman Shahjahanpuri |
||
| 260 |
_aپٹنہ _bخدا بخش ورئیےنٹل پبلک لائبریری _c2004 |
||
| 270 | _bپٹنہ | ||
| 300 |
_a350p. _c21cm(Hb) |
||
| 650 |
_a تاریخ - بھارت _9400 |
||
| 650 |
_a اشفاق اللہ خان -- کیس کاکوری _9110888 |
||
| 650 |
_aHistory -- India _9110889 |
||
| 650 |
_aKakori Case -- Ashfaq Ullah Khan _9110890 |
||
| 700 |
_aابو سلمان شاہجہانپوری _9110891 |
||
| 942 |
_2ddc _cUR _h954.0841 _mا ش ف |
||
| 999 |
_c106334 _d106334 |
||